[Event "Titled Tuesday intern op 20th Apr"]
[Site "Chess.com INT"]
[Date "2021.04.20"]
[Round "1"]
[White "Mueller, Markus"]
[Black "Djokic, Mihailo"]
[Result "0-1"]
[WhiteElo "2124"]
[BlackElo "2175"]
[PlyCount "70"]
[EventDate "2021.04.20"]
[EventType "swiss (blitz)"]
[EventRounds "11"]
[EventCountry "USA"]
[SourceTitle "CBM 202 Extra"]
[Source "ChessBase"]
[SourceDate "2021.07.31"]
[SourceVersion "1"]
[SourceVersionDate "2021.07.31"]
[SourceQuality "1"]

1. Nf3 Nf6 2. c4 g6 3. b4 Bg7 4. Bb2 0-0 5. g3 d6 6. Bg2 e5 7. 0-0 e4 8. Nd4 Re8 9. Nc3 Nc6 10. Nxc6 bxc6 11. Qc2 d5 12. d3 exd3 13. exd3 Bf5 14. c5 Qd7 15. Rfe1 h5 16. Ne2 Bh3 17. Bh1 Re7 18. Nf4 Bf5 19. Re2 Rxe2 20. Qxe2 Re8 21. Qd2 Ng4 22. Bxg7 Kxg7 23. d4 Nf6 24. Re1 Re7 25. Nd3 Bxd3 26. Rxe7 Qxe7 27. Qxd3 Qe1+ 28. Kg2 Qxb4 29. h3 Qb2 30. a3 Ne4 31. Qe3 Qc3 32. Qxc3 Nxc3 33. Kf3 Nb5 34. Ke3 Nxa3 35. Bf3 Nc2+ 0-1

[Event "Titled Tuesday intern op 02nd Feb"]
[Site "Chess.com INT"]
[Date "2021.02.02"]
[Round "6"]
[White "Mueller, Markus"]
[Black "Gedgafov, Chamal"]
[Result "0-1"]
[WhiteElo "2124"]
[BlackElo "2154"]
[PlyCount "68"]
[EventDate "2021.02.02"]
[EventType "swiss (blitz)"]
[EventRounds "11"]
[EventCountry "USA"]
[SourceTitle "CBM 200 Extra"]
[Source "ChessBase"]
[SourceDate "2021.03.31"]
[SourceVersion "1"]
[SourceVersionDate "2021.03.31"]
[SourceQuality "1"]

1. Nf3 Nf6 2. c4 g6 3. b4 Bg7 4. Bb2 d6 5. g3 0-0 6. Bg2 e5 7. 0-0 a5 8. b5 Nbd7 9. Nc3 Re8 10. Rc1 Nb6 11. d3 e4 12. Nd4 e3 13. f3 Nfd7 14. Nc2 Nc5 15. d4 Nxc4 16. Ba1 Nd7 17. Qd3 Ndb6 18. Nd1 Bf5 19. Qc3 Bxc2 20. Qxc2 Qe7 21. Qd3 d5 22. f4 c6 23. bxc6 bxc6 24. Nb2 Rab8 25. Nxc4 Nxc4 26. Kh1 Qb4 27. f5 Qd2 28. fxg6 hxg6 29. Rfd1 Qxd3 30. exd3 Nb2 31. Bxb2 Rxb2 32. Rxc6 e2 33. Re1 Bxd4 34. Bxd5 Bf2 0-1

[Event "Titled Tuesday intern op 02nd Feb"]
[Site "Chess.com INT"]
[Date "2021.02.02"]
[Round "5"]
[White "Mueller, Markus"]
[Black "Lizlov, Alexey"]
[Result "0-1"]
[WhiteElo "2124"]
[BlackElo "2304"]
[PlyCount "84"]
[EventDate "2021.02.02"]
[EventType "swiss (blitz)"]
[EventRounds "11"]
[EventCountry "USA"]
[SourceTitle "CBM 200 Extra"]
[Source "ChessBase"]
[SourceDate "2021.03.31"]
[SourceVersion "1"]
[SourceVersionDate "2021.03.31"]
[SourceQuality "1"]

1. Nf3 d6 2. d4 g6 3. g3 Bg7 4. Bg2 Nf6 5. 0-0 0-0 6. b3 Nbd7 7. Bb2 e5 8. dxe5 Ng4 9. c4 Ndxe5 10. Nc3 Re8 11. Qd2 Nxf3+ 12. Bxf3 Ne5 13. Bg2 Bf5 14. Bxb7 Rb8 15. Bg2 Qc8 16. Nd5 Nxc4 17. bxc4 Rxb2 18. Qa5 c6 19. Ne3 Be4 20. f3 Bd4 21. fxe4 Bxe3+ 22. Kh1 Rxe2 23. Rae1 Rxe1 24. Rxe1 Bc5 25. e5 Bb6 26. Qa4 Rxe5 27. Rxe5 dxe5 28. Qxc6 Qxc6 29. Bxc6 f5 30. Kg2 Kf7 31. h3 Bd4 32. g4 Kf6 33. Kf3 e4+ 34. Ke2 Ke5 35. gxf5 gxf5 36. Be8 f4 37. Bh5 f3+ 38. Kd2 Kf4 39. Be8 Bc5 40. Bc6 e3+ 41. Ke1 Bb4+ 42. Kf1 e2+ 0-1

[Event "GER-ch Net blitz qual5"]
[Site "Playchess.com INT"]
[Date "2020.03.28"]
[Round "4"]
[White "Mueller, Markus"]
[Black "Hansch, Karsten"]
[Result "0-1"]
[WhiteElo "2124"]
[BlackElo "2300"]
[PlyCount "46"]
[EventDate "2020.03.28"]
[EventType "swiss (blitz)"]
[EventRounds "13"]
[EventCountry "GER"]
[SourceTitle "CBM 195 Extra"]
[Source "ChessBase"]
[SourceDate "2020.05.31"]
[SourceVersion "1"]
[SourceVersionDate "2020.05.31"]
[SourceQuality "1"]

1. d4 Nf6 2. Nf3 e6 3. c4 d5 4. g3 Be7 5. Bg2 0-0 6. 0-0 dxc4 7. Ne5 Nc6 8. Nxc6 bxc6 9. Na3 Bxa3 10. bxa3 Rb8 11. Qd2 Ba6 12. Qa5 Rb6 13. a4 Qxd4 14. Be3 Qb2 15. Bc5 Rfb8 16. Rfb1 Qxb1+ 17. Rxb1 Rxb1+ 18. Bf1 c3 19. Qxa6 Ne4 20. Be3 Nd2 21. Qxa7 Nxf1 22. Kg2 Nxe3+ 23. fxe3 c2 0-1

[Event "GER-ch Net blitz qual5"]
[Site "Playchess.com INT"]
[Date "2020.03.28"]
[Round "2"]
[White "Mueller, Markus"]
[Black "Wichmann, Cliff"]
[Result "0-1"]
[WhiteElo "2124"]
[BlackElo "2299"]
[PlyCount "28"]
[EventDate "2020.03.28"]
[EventType "swiss (blitz)"]
[EventRounds "13"]
[EventCountry "GER"]
[SourceTitle "CBM 195 Extra"]
[Source "ChessBase"]
[SourceDate "2020.05.31"]
[SourceVersion "1"]
[SourceVersionDate "2020.05.31"]
[SourceQuality "1"]

1. e4 e6 2. d3 d5 3. Qe2 e5 4. Nf3 Nc6 5. g3 Nf6 6. exd5 Qxd5 7. Nc3 Bb4 8. Bg2 Nd4 9. Nxd4 Qxg2 10. Qf3 Bh3 11. Bd2 exd4 12. Qe2+ Kf8 13. 0-0-0 dxc3 14. Bf4 Re8 0-1

[Event "GER-ch Net blitz qual5"]
[Site "Playchess.com INT"]
[Date "2020.03.28"]
[Round "10"]
[White "Mueller, Markus"]
[Black "Winkels, Marcel"]
[Result "1-0"]
[WhiteElo "2124"]
[BlackElo "1990"]
[PlyCount "57"]
[EventDate "2020.03.28"]
[EventType "swiss (blitz)"]
[EventRounds "13"]
[EventCountry "GER"]
[SourceTitle "CBM 195 Extra"]
[Source "ChessBase"]
[SourceDate "2020.05.31"]
[SourceVersion "1"]
[SourceVersionDate "2020.05.31"]
[SourceQuality "1"]

1. e4 c5 2. Nf3 d6 3. Bb5+ Nd7 4. d4 cxd4 5. Qxd4 a6 6. Bxd7+ Bxd7 7. Nc3 e5 8. Qd3 h6 9. Nd2 Nf6 10. Nc4 Bc6 11. a4 Be7 12. Be3 0-0 13. Rd1 Rc8 14. Bb6 Qd7 15. Ba5 Qg4 16. Ne3 Qg6 17. Nf5 Bd8 18. Bxd8 Qxg2 19. Bxf6 Qxh1+ 20. Ke2 Qxh2 21. Bxg7 Rfd8 22. Bf6 d5 23. Rh1 Qf4 24. Rg1+ Kf8 25. Bxd8 Rxd8 26. Qg3 Ke8 27. Qxf4 exf4 28. exd5 Bd7 29. Rg8# 1-0

[Event "GER-ch Net blitz qual4"]
[Site "Playchess.com INT"]
[Date "2020.03.23"]
[Round "4"]
[White "Mueller, Markus"]
[Black "Bashylina, Luisa"]
[Result "1-0"]
[WhiteElo "2124"]
[BlackElo "1975"]
[PlyCount "121"]
[EventDate "2020.03.23"]
[EventType "swiss (blitz)"]
[EventRounds "9"]
[EventCountry "GER"]
[SourceTitle "CBM 195 Extra"]
[Source "ChessBase"]
[SourceDate "2020.05.31"]
[SourceVersion "1"]
[SourceVersionDate "2020.05.31"]
[SourceQuality "1"]

1. Nf3 Nf6 2. c4 g6 3. b4 d6 4. Bb2 Bg7 5. g3 e5 6. Bg2 0-0 7. 0-0 Nc6 8. b5 Ne7 9. d3 Nd7 10. Qb3 Nc5 11. Qc2 f5 12. d4 Nd7 13. dxe5 dxe5 14. Rd1 Qe8 15. e4 f4 16. Nc3 c6 17. Ba3 Nb6 18. Qb3 Be6 19. Nd2 Rf7 20. Bf1 fxg3 21. hxg3 Rd8 22. Qb4 Qf8 23. f3 Nd7 24. Nd5 cxd5 25. cxd5 Nxd5 26. exd5 Bxd5 27. Ne4 Rxf3 28. Rxd5 Qf5 29. Bg2 Re3 30. Rf1 Qg4 31. Qd2 Rxa3 32. Kh2 Qh5+ 33. Bh3 g5 34. Rxd7 Rxd7 35. Qxd7 g4 36. Qxg4 Qh6 37. Qe6+ Qxe6 38. Bxe6+ Kh8 39. Rf2 Re3 40. Ng5 h6 41. Nf7+ Kh7 42. Nd6 Rd3 43. Nf5 e4 44. Nxg7 Kxg7 45. Re2 e3 46. Bb3 Rd2 47. Rxd2 exd2 48. Kg2 Kf6 49. Kf2 Ke5 50. Ke2 Ke4 51. Kxd2 Kf3 52. Kc3 Kxg3 53. Kb4 h5 54. Kc5 h4 55. Kd6 h3 56. Kc7 a6 57. b6 h2 58. Bd5 Kf2 59. Kxb7 Kg1 60. Kxa6 h1Q 61. Bxh1 1-0

[Event "GER-ch Net blitz qual3"]
[Site "Playchess.com INT"]
[Date "2020.03.21"]
[Round "2"]
[White "Mueller, Markus"]
[Black "Kottke, Steffen"]
[Result "1-0"]
[WhiteElo "2124"]
[BlackElo "1928"]
[PlyCount "45"]
[EventDate "2020.03.21"]
[EventType "swiss (blitz)"]
[EventRounds "9"]
[EventCountry "GER"]
[SourceTitle "CBM 195 Extra"]
[Source "ChessBase"]
[SourceDate "2020.05.31"]
[SourceVersion "1"]
[SourceVersionDate "2020.05.31"]
[SourceQuality "1"]

1. e4 e6 2. d3 d5 3. Qe2 Be7 4. Nf3 dxe4 5. dxe4 Nf6 6. g3 b6 7. Nbd2 Bb7 8. Bg2 0-0 9. 0-0 c5 10. Re1 Nc6 11. h4 Nd7 12. e5 Nb4 13. Ne4 Ba6 14. c4 Qc7 15. Bf4 Rad8 16. a3 Nd5 17. Bg5 Bxg5 18. Nexg5 h6 19. Qc2 hxg5 20. cxd5 f6 21. exf6 Nxf6 22. dxe6 gxh4 23. e7 1-0

[Event "GER-ch Net blitz qual2"]
[Site "Playchess.com INT"]
[Date "2020.03.16"]
[Round "8"]
[White "Heinrich, Thomas"]
[Black "Mueller, Markus"]
[Result "1-0"]
[WhiteElo "2172"]
[BlackElo "2124"]
[PlyCount "65"]
[EventDate "2020.03.16"]
[EventType "swiss (blitz)"]
[EventRounds "9"]
[EventCountry "GER"]
[SourceTitle "CBM 195 Extra"]
[Source "ChessBase"]
[SourceDate "2020.05.31"]
[SourceVersion "1"]
[SourceVersionDate "2020.05.31"]
[SourceQuality "1"]

1. d4 Nf6 2. Nf3 g6 3. Bf4 d6 4. h3 Bg7 5. e3 0-0 6. Be2 c5 7. c3 Nc6 8. 0-0 Qb6 9. Qb3 Qxb3 10. axb3 b6 11. Nbd2 Bb7 12. Rfe1 Rfe8 13. Bh2 Rac8 14. Bb5 Ra8 15. Nc4 Rec8 16. dxc5 bxc5 17. Nfd2 a6 18. Bxc6 Bxc6 19. Nb6 Rcb8 20. Nxa8 Rxa8 21. Ra5 Nd5 22. Ra3 Bb7 23. Nc4 Rb8 24. e4 Nf6 25. e5 dxe5 26. Bxe5 Rd8 27. Ra5 Rc8 28. Rd1 Kf8 29. Nb6 Re8 30. Rxc5 Ne4 31. Bxg7+ Kxg7 32. Rc7 Rb8 33. Nd7 1-0

[Event "GER-ch Net blitz qual2"]
[Site "Playchess.com INT"]
[Date "2020.03.16"]
[Round "7"]
[White "Mueller, Markus"]
[Black "Hoppe, Frank"]
[Result "1-0"]
[WhiteElo "2124"]
[BlackElo "2040"]
[PlyCount "37"]
[EventDate "2020.03.16"]
[EventType "swiss (blitz)"]
[EventRounds "9"]
[EventCountry "GER"]
[SourceTitle "CBM 195 Extra"]
[Source "ChessBase"]
[SourceDate "2020.05.31"]
[SourceVersion "1"]
[SourceVersionDate "2020.05.31"]
[SourceQuality "1"]

1. Nf3 d5 2. c4 c6 3. g3 Nf6 4. Bg2 g6 5. b3 Bg7 6. Bb2 0-0 7. 0-0 Nbd7 8. d4 Re8 9. Nc3 a6 10. Re1 b5 11. e4 dxe4 12. Nxe4 Nxe4 13. Rxe4 Nb6 14. Rc1 Bb7 15. Re1 Rc8 16. Qe2 e6 17. Ne5 Qe7 18. Qf3 c5 19. Qxb7 1-0

[Event "GER-ch Net blitz qual1"]
[Site "Playchess.com INT"]
[Date "2020.03.07"]
[Round "9"]
[White "Mueller, Markus"]
[Black "King, Alexander"]
[Result "1/2-1/2"]
[WhiteElo "2124"]
[BlackElo "2053"]
[PlyCount "37"]
[EventDate "2020.03.07"]
[EventType "swiss (blitz)"]
[EventRounds "9"]
[EventCountry "GER"]
[SourceTitle "CBM 195 Extra"]
[Source "ChessBase"]
[SourceDate "2020.05.31"]
[SourceVersion "1"]
[SourceVersionDate "2020.05.31"]
[SourceQuality "1"]

1. Nf3 Nf6 2. c4 g6 3. b4 Bg7 4. Bb2 0-0 5. g3 d6 6. Bg2 a5 7. b5 Nbd7 8. 0-0 e5 9. d3 Rb8 10. Nc3 b6 11. Qc2 Bb7 12. Rfd1 Re8 13. Rac1 e4 14. dxe4 Nxe4 15. Nxe4 Bxe4 16. Qb3 Nc5 17. Qa3 Bb7 18. Bxg7 Kxg7 19. Nd4 1/2-1/2

[Event "Leipzig DSAM Cup"]
[Site "Leipzig"]
[Date "2018.06.01"]
[Round "3"]
[White "Doescher, Thorsten"]
[Black "Mueller, Markus"]
[Result "1/2-1/2"]
[WhiteElo "2022"]
[BlackElo "2150"]
[PlyCount "144"]
[EventDate "2018.05.31"]
[EventType "swiss"]
[EventRounds "5"]
[EventCountry "GER"]
[SourceTitle "EXT 2019"]
[Source "ChessBase"]
[SourceDate "2018.10.10"]
[SourceVersion "1"]
[SourceVersionDate "2018.10.10"]
[SourceQuality "1"]

1. c4 g6 2. Nc3 Bg7 3. Nf3 d6 4. d4 Nf6 5. g3 0-0 6. Bg2 Nc6 7. 0-0 a6 8. h3 Rb8 9. e4 e5 10. dxe5 Nxe5 11. Nxe5 dxe5 12. Qc2 Re8 13. Be3 Be6 14. Nd5 Qc8 15. Kh2 Nd7 16. Rac1 c6 17. Qd2 b6 18. h4 Qb7 19. Qe2 f6 20. Nc3 Bf8 21. b3 Kg7 22. Rfd1 Red8 23. Qc2 Ba3 24. Rb1 Bc5 25. Bc1 Nf8 26. Bb2 Bd4 27. Na4 Bxb2 28. Qxb2 Bf7 29. Nc3 Ne6 30. Ne2 Qe7 31. Ng1 Nd4 32. Nf3 Nxf3+ 33. Bxf3 Be6 34. Qe2 Qc5 35. Kg2 h5 36. Rb2 a5 37. Rbd2 Rd4 38. Rxd4 exd4 39. g4 hxg4 40. Bxg4 Bxg4 41. Qxg4 Rd8 42. Rd3 Qh5 43. Qe6 Qc5 44. h5 Qd6 45. Qg4 g5 46. Qf5 Qe7 47. Qg6+ Kh8 48. Qh6+ Kg8 49. Qg6+ Qg7 50. Qf5 Qf7 51. h6 c5 52. f4 Qh7 53. Qxf6 Qxe4+ 54. Rf3 Qe2+ 55. Rf2 Qg4+ 56. Kh1 Qh3+ 57. Kg1 Qg3+ 58. Kf1 Qh3+ 59. Ke1 Re8+ 60. Re2 Qg3+ 61. Kf1 Qf3+ 62. Kg1 Qg4+ 63. Kh1 Qh5+ 64. Kg1 Qg4+ 65. Kh1 Qf3+ 66. Kg1 Qg4+ 67. Kh1 Qh3+ 68. Kg1 Qg3+ 69. Kh1 Qh4+ 70. Kg1 Qg3+ 71. Kh1 Qh3+ 72. Kg1 Qg3+ 1/2-1/2

[Event "Rheinland Pfalz op 9th"]
[Site "Lambsheim"]
[Date "2017.06.17"]
[Round "5"]
[White "Mueller, Markus"]
[Black "Bomans, Arno"]
[Result "1/2-1/2"]
[WhiteElo "2144"]
[BlackElo "2269"]
[PlyCount "20"]
[EventDate "2017.06.15"]
[EventType "swiss"]
[EventRounds "7"]
[EventCountry "GER"]
[SourceTitle "CBM 178 Extra"]
[Source "ChessBase"]
[SourceDate "2017.06.22"]
[SourceVersion "1"]
[SourceVersionDate "2017.06.22"]
[SourceQuality "1"]

1. Nf3 f5 2. d3 d6 3. e4 e5 4. Nc3 Nc6 5. exf5 Nge7 6. d4 exd4 7. Nb5 Nxf5 8. Nbxd4 Be7 9. Bb5 Nfxd4 10. Nxd4 Bd7 1/2-1/2

[Event "Pfalz-ch MT-B 86th"]
[Site "Wolfstein"]
[Date "2017.04.08"]
[Round "2"]
[White "Mueller, Markus"]
[Black "Roelle, Philipp"]
[Result "1-0"]
[WhiteElo "2123"]
[BlackElo "2067"]
[PlyCount "85"]
[EventDate "2017.04.07"]
[EventType "tourn"]
[EventRounds "9"]
[EventCountry "GER"]
[SourceTitle "EXT 2018"]
[Source "ChessBase"]
[SourceDate "2017.10.13"]
[SourceVersion "1"]
[SourceVersionDate "2017.10.13"]
[SourceQuality "1"]

1. e4 c5 2. Nf3 d6 3. Bb5+ Nd7 4. d4 cxd4 5. Qxd4 e6 6. Nc3 Qc7 7. Bg5 a6 8. Bxd7+ Bxd7 9. 0-0-0 f6 10. Be3 0-0-0 11. Rd3 Ne7 12. Qxd6 Qxd6 13. Rxd6 Nf5 14. Rxd7 Rxd7 15. exf5 exf5 16. Na4 Kc7 17. Nd4 b5 18. Ne6+ Kc6 19. Nxf8 Rxf8 20. Nc5 Re7 21. Nxa6 Re4 22. c3 f4 23. Bd4 Re2 24. Nb4+ Kb7 25. Nd3 Rfe8 26. Kd1 Kc6 27. Be3 Rxb2 28. Nxb2 fxe3 29. fxe3 Rxe3 30. Kd2 Re5 31. Re1 Rg5 32. Re2 Rg4 33. h3 Rh4 34. Re7 g5 35. Re6+ Kd5 36. Rxf6 g4 37. Rf4 h5 38. hxg4 hxg4 39. a4 bxa4 40. Rxa4 Ke5 41. Nd3+ Kf5 42. Ra5+ Ke4 43. Re5# 1-0